000 00818nam a2200265 a 4500
001 000017306
003 DO-SdBNP
005 20240530073918.0
007 ta
008 100322s1967 dr 001 f spa d
040 _aDO-SdBNP
_bspa
_cBNPHU
082 4 _aRD863.44
_bV443a
_222
100 1 _aVeloz Maggiolo, Marcio,
_d1936-2021
_91104
245 1 4 _aLos ángeles de hueso /
_cMarcio Veloz Maggiolo.
260 _aSanto Domingo :
_bArte y Cine,
_c1967.
300 _a139 p. ;
_c18 cm.
490 1 _aEl Puño
500 _aIncluye datos biográficos del autor en la solapa de la contracubierta.
590 _aInventariado, 2020 /LP
650 0 _aNovela dominicana
_9223
650 0 _aLiteratura dominicana.
_967
830 0 _aEl Puño
_937960
910 _aValidado. Control de calidad BNPHU
942 _2ddc
_cLBS1
999 _c16831
_d16831